[Event "Bundesliga 9596"]
[Site "Germany"]
[Date "1996.??.??"]
[Round "?.7"]
[White "Florath, Patrick"]
[Black "Breutigam, Martin"]
[Result "0-1"]
[WhiteElo "2275"]
[BlackElo "2340"]
[PlyCount "142"]
[EventDate "1995.10.14"]
[EventType "team-tourn"]
[EventRounds "15"]
[EventCountry "GER"]
[SourceTitle "GER-chT"]
[Source "ChessBase"]
[SourceDate "1999.07.01"]
[SourceVersion "1"]
[SourceVersionDate "1999.07.01"]
[SourceQuality "1"]
[WhiteTeam "Wuppertal"]
[BlackTeam "Delmenhorst"]
[WhiteTeamCountry "GER"]
[BlackTeamCountry "GER"]

1. e4 e5 2. Nf3 Nc6 3. c3 d5 4. Qa4 Bd7 5. exd5 Nd4 6. Qd1 Nxf3+ 7. Qxf3 Nf6 8. Bc4 e4 9. Qe2 Bd6 10. d4 0-0 11. Bg5 h6 12. Bxf6 Qxf6 13. Nd2 Qg6 14. 0-0-0 Rfe8 15. h3 f5 16. Bb3 f4 17. Nc4 Bf5 18. Nxd6 cxd6 19. Rhg1 Qg5 20. Rde1 e3 21. f3 Rac8 22. Qb5 Re7 23. Qb4 Bg6 24. Re2 Bd3 25. Ree1 Bh7 26. Re2 Qf5 27. Bc2 Qf6 28. Bxh7+ Kxh7 29. Qb3 g6 30. Rd1 Qf5 31. a4 b6 32. Rg1 h5 33. Rd1 h4 34. Qb5 Rec7 35. Rc2 Rc4 36. Re2 Kh6 37. Rc2 Kg5 38. Re2 Kf6 39. Rc2 a6 40. Qxa6 Qxd5 41. Qb5 Qxb5 42. axb5 Ra4 43. Re2 Ra5 44. Kc2 Rxb5 45. Ra1 Ra5 46. Rxa5 bxa5 47. Re1 Rb8 48. c4 d5 49. c5 Rb4 50. Kc3 Rc4+ 51. Kd3 a4 52. Rb1 Ke6 53. b4 axb3 54. Rxb3 Rc1 55. Rb6+ Kf5 56. Rb2 Ke6 57. Rb6+ Ke7 58. Rb2 Kd7 59. Rb7+ Kc6 60. Rb6+ Kc7 61. Rb2 Rd1+ 62. Kc3 Ra1 63. Kb3 Rf1 64. Kc3 Rf2 65. Rb6 Rxg2 66. Rf6 Rg1 67. Kd3 Rd1+ 68. Ke2 Rxd4 69. Rxg6 Rd2+ 70. Ke1 d4 71. Rd6 d3 0-1

[Event "Bundesliga 9596"]
[Site "Germany"]
[Date "1996.??.??"]
[Round "?.7"]
[White "Goetz, Ralph"]
[Black "Florath, Patrick"]
[Result "1-0"]
[WhiteElo "2335"]
[BlackElo "2275"]
[PlyCount "85"]
[EventDate "1995.10.14"]
[EventType "team-tourn"]
[EventRounds "15"]
[EventCountry "GER"]
[SourceTitle "GER-chT"]
[Source "ChessBase"]
[SourceDate "1999.07.01"]
[SourceVersion "1"]
[SourceVersionDate "1999.07.01"]
[SourceQuality "1"]
[WhiteTeam "Passau"]
[BlackTeam "Wuppertal"]
[WhiteTeamCountry "GER"]
[BlackTeamCountry "GER"]

1. e4 e6 2. d4 d5 3. Nd2 Nf6 4. e5 Nfd7 5. c3 c5 6. Bd3 Nc6 7. Ne2 cxd4 8. cxd4 f6 9. exf6 Nxf6 10. 0-0 Bd6 11. Nf3 0-0 12. Bg5 Qc7 13. Bh4 Nh5 14. Qc2 h6 15. Bg6 Nf4 16. Nxf4 Bxf4 17. Rad1 Bd7 18. Qe2 a5 19. Bb1 g5 20. Bg3 Bxg3 21. hxg3 Rf6 22. Nh2 Raf8 23. Ng4 Be8 24. Nxf6+ Rxf6 25. Rd2 Kg7 26. Qd3 Bg6 27. Qb5 Be8 28. Qc5 h5 29. Re2 Qe7 30. Qc3 Rf8 31. Qd3 Rh8 32. Rfe1 Rh6 33. Qd2 Bf7 34. Bc2 Qf6 35. Rd1 h4 36. Ba4 hxg3 37. fxg3 Bh5 38. Rf2 Qd8 39. Re1 Bg4 40. Bxc6 bxc6 41. Ref1 Bf5 42. g4 Bxg4 43. Rf8 1-0

[Event "Bundesliga 9697"]
[Site "Germany"]
[Date "1996.??.??"]
[Round "?.6"]
[White "Keitlinghaus, Ludger"]
[Black "Florath, Patrick"]
[Result "1-0"]
[WhiteElo "2515"]
[BlackElo "2295"]
[PlyCount "49"]
[EventDate "1996.10.12"]
[EventType "team-tourn"]
[EventRounds "15"]
[EventCountry "GER"]
[SourceTitle "GER-chT"]
[Source "ChessBase"]
[SourceDate "1999.07.01"]
[SourceVersion "1"]
[SourceVersionDate "1999.07.01"]
[SourceQuality "1"]
[WhiteTeam "Duisburg"]
[BlackTeam "Wuppertal"]
[WhiteTeamCountry "GER"]
[BlackTeamCountry "GER"]

1. e4 e6 2. d4 d5 3. e5 c5 4. c3 Qb6 5. Nf3 Nc6 6. a3 c4 7. Be2 f6 8. Nbd2 Qc7 9. exf6 Nxf6 10. b3 cxb3 11. 0-0 Bd6 12. c4 0-0 13. c5 Bf4 14. Nxb3 Bxc1 15. Rxc1 e5 16. Nxe5 Nxe5 17. dxe5 Qxe5 18. Re1 Re8 19. Qd2 Ne4 20. Qb4 Rf8 21. f3 Nf6 22. Bf1 Qc7 23. Nd4 Rf7 24. c6 bxc6 25. Nxc6 1-0

[Event "Bundesliga 9596"]
[Site "Germany"]
[Date "1996.??.??"]
[Round "?.7"]
[White "Meyer, Claus Dieter"]
[Black "Florath, Patrick"]
[Result "0-1"]
[WhiteElo "2330"]
[BlackElo "2275"]
[PlyCount "120"]
[EventDate "1995.10.14"]
[EventType "team-tourn"]
[EventRounds "15"]
[EventCountry "GER"]
[SourceTitle "GER-chT"]
[Source "ChessBase"]
[SourceDate "1999.07.01"]
[SourceVersion "1"]
[SourceVersionDate "1999.07.01"]
[SourceQuality "1"]
[WhiteTeam "Werder Bremen"]
[BlackTeam "Wuppertal"]
[WhiteTeamCountry "GER"]
[BlackTeamCountry "GER"]

1. Nf3 d5 2. g3 Nf6 3. Bg2 e6 4. 0-0 Be7 5. d3 c5 6. Nbd2 Nc6 7. e4 0-0 8. Re1 b5 9. a4 bxa4 10. Rxa4 a5 11. e5 Nd7 12. Nf1 Rb8 13. Ra2 Nb4 14. Ra1 Ba6 15. h4 Nc6 16. Rb1 Rb6 17. Bf4 Qb8 18. b3 Rb4 19. Ra1 Qc7 20. Ne3 Kh8 21. c3 Rb7 22. Nxd5 exd5 23. e6 Bd6 24. Bxd6 Qxd6 25. exd7 Rxd7 26. d4 Rdd8 27. Ne5 cxd4 28. Nxc6 Qxc6 29. Qxd4 Qb5 30. Qa4 Qd3 31. Qxa5 Bb7 32. Rad1 Qc2 33. c4 Ba8 34. Rd2 Qxb3 35. cxd5 h6 36. Red1 f5 37. Rd3 Qc2 38. R3d2 Qb3 39. Rd3 Qc2 40. Qd2 Qc5 41. Qf4 Rd6 42. Rd4 Rd7 43. h5 Rdd8 44. d6 Bxg2 45. Kxg2 Qc6+ 46. Qf3 Qb5 47. Rd5 Qa4 48. R1d4 Qa8 49. Re5 Qa1 50. Qd5 Qa7 51. Re7 Rd7 52. Re6 Qb6 53. Qe5 Qc6+ 54. Rd5 Kh7 55. Re7 Rf7 56. Rxd7 Qxd7 57. Rd4 Rf6 58. Qc5 f4 59. Qc2+ Kh8 60. Qc1 f3+ 0-1

[Event "NRW-ch"]
[Site "Muenster"]
[Date "1996.??.??"]
[Round "9"]
[White "Seger, Ruediger"]
[Black "Florath, Patrick"]
[Result "1-0"]
[WhiteElo "2370"]
[BlackElo "2275"]
[PlyCount "75"]
[EventDate "1996.??.??"]
[EventType "tourn"]
[EventRounds "9"]
[EventCountry "GER"]
[SourceTitle "EXT 2004"]
[Source "ChessBase"]
[SourceDate "2003.11.25"]
[SourceVersion "1"]
[SourceVersionDate "2003.11.25"]
[SourceQuality "1"]

1. e4 e6 2. d4 d5 3. Nd2 Nf6 4. e5 Nfd7 5. c3 c5 6. Bd3 Nc6 7. Ne2 cxd4 8. cxd4 f6 9. exf6 Nxf6 10. Nf3 Bd6 11. 0-0 Qc7 12. Bg5 0-0 13. Bh4 Nh5 14. Qc2 h6 15. Bg6 Nf4 16. Nxf4 Bxf4 17. Rad1 Bd7 18. Rfe1 Rac8 19. Qe2 Qb6 20. a3 a5 21. Bb1 Qa6 22. Bd3 Qb6 23. Bb5 Rc7 24. Bg3 Bxg3 25. hxg3 Rxf3 26. Bxc6 Rb3 27. Bxd7 Rxd7 28. Rd2 Rd6 29. Qe5 Rc6 30. Ree2 Qd8 31. Rc2 Qc8 32. Rc5 b6 33. Rxd5 Kh8 34. Rd6 Rxd6 35. Qxd6 Rxb2 36. Rxe6 Rb1+ 37. Kh2 Qc1 38. Qf8+ 1-0

[Event "NRW-ch"]
[Site "Muenster"]
[Date "1996.??.??"]
[Round "2"]
[White "Siebrecht, Sebastian"]
[Black "Florath, Patrick"]
[Result "1-0"]
[WhiteElo "2295"]
[BlackElo "2195"]
[PlyCount "81"]
[EventDate "1996.??.??"]
[EventType "tourn"]
[EventRounds "9"]
[EventCountry "GER"]
[SourceTitle "EXT 2004"]
[Source "ChessBase"]
[SourceDate "2003.11.25"]
[SourceVersion "1"]
[SourceVersionDate "2003.11.25"]
[SourceQuality "1"]

1. e4 e6 2. d4 d5 3. Nd2 Nf6 4. e5 Nfd7 5. Bd3 c5 6. c3 Nc6 7. Ne2 cxd4 8. cxd4 f6 9. exf6 Nxf6 10. Nf3 Bd6 11. 0-0 Qc7 12. Bg5 0-0 13. Qc2 h6 14. Bh4 g5 15. Bg3 Bxg3 16. hxg3 Qg7 17. Bb5 Bd7 18. Bxc6 Bxc6 19. Nc3 Ng4 20. Rae1 Rf6 21. Ne5 Nxe5 22. Rxe5 Rc8 23. Rfe1 Qd7 24. Qe2 Re8 25. Qg4 Kf7 26. f4 gxf4 27. gxf4 Rg8 28. Qh3 Rgg6 29. Rf1 Kg7 30. Qe3 Qf7 31. Rf3 Rf5 32. Ne2 Rxe5 33. fxe5 Qe7 34. Nf4 Rg5 35. Rh3 Qf7 36. Rh4 Qf5 37. Qa3 Bd7 38. Qe7+ Qf7 39. Qxf7+ Kxf7 40. Rxh6 Rg4 41. Rf6+ 1-0

[Event "Bundesliga 9596"]
[Site "Germany"]
[Date "1995.??.??"]
[Round "?.7"]
[White "Dinstuhl, Volkmar"]
[Black "Florath, Patrick"]
[Result "0-1"]
[WhiteElo "2355"]
[BlackElo "2275"]
[PlyCount "44"]
[EventDate "1995.10.14"]
[EventType "team-tourn"]
[EventRounds "15"]
[EventCountry "GER"]
[SourceTitle "GER-chT"]
[Source "ChessBase"]
[SourceDate "1999.07.01"]
[SourceVersion "1"]
[SourceVersionDate "1999.07.01"]
[SourceQuality "1"]
[WhiteTeam "Castrop Rauxel"]
[BlackTeam "Wuppertal"]
[WhiteTeamCountry "GER"]
[BlackTeamCountry "GER"]

1. d4 e6 2. c4 d5 3. Nc3 Nf6 4. Nf3 Be7 5. Bf4 0-0 6. e3 b6 7. Bd3 c5 8. cxd5 exd5 9. Ne5 Bb7 10. Qf3 Na6 11. g4 cxd4 12. exd4 Nc7 13. g5 Ne4 14. Nxe4 dxe4 15. Bxe4 Bxe4 16. Qxe4 Bxg5 17. Rd1 Bxf4 18. Qxf4 Qd5 19. Rg1 Ne6 20. Qh4 f6 21. Ng4 Ng5 22. Ne5 Qxe5+ 0-1

[Event "BL2-West 9495"]
[Site "Germany"]
[Date "1995.??.??"]
[Round "8.7"]
[White "Kertesz, Alfred"]
[Black "Florath, Patrick"]
[Result "0-1"]
[WhiteElo "2375"]
[BlackElo "2235"]
[PlyCount "106"]
[EventDate "1994.10.??"]
[EventType "team-tourn"]
[EventRounds "9"]
[EventCountry "GER"]
[SourceTitle "GER-chT2"]
[Source "ChessBase"]
[SourceDate "1999.07.01"]
[SourceVersion "1"]
[SourceVersionDate "1999.07.01"]
[SourceQuality "1"]
[WhiteTeam "Godesberg"]
[BlackTeam "Wuppertal"]
[WhiteTeamCountry "GER"]
[BlackTeamCountry "GER"]

1. d4 e6 2. c4 d5 3. Nc3 Nf6 4. cxd5 exd5 5. Bg5 Be7 6. e3 c6 7. Qc2 Nbd7 8. Nf3 0-0 9. Bd3 Re8 10. 0-0 Nf8 11. Bxf6 Bxf6 12. b4 Bg4 13. Nd2 Be7 14. h3 Be6 15. b5 c5 16. dxc5 Bxc5 17. Ne2 Rc8 18. Qa4 Qb6 19. Kh1 Nd7 20. Nb3 Be7 21. Rac1 Ne5 22. Rfd1 Rxc1 23. Nexc1 Rc8 24. Be2 Nc4 25. Bxc4 Rxc4 26. Qa5 Qxa5 27. Nxa5 Rb4 28. Ncb3 Rxb5 29. a4 Rb4 30. Rd4 Rxd4 31. Nxd4 Bd7 32. Nxb7 Bxa4 33. Kg1 Kf8 34. Na5 Ke8 35. Nac6 Bxc6 36. Nxc6 Bc5 37. Kf1 Kd7 38. Ne5+ Ke6 39. Nd3 Bd6 40. Ke2 Kd7 41. Kd2 a5 42. Kc3 Kc6 43. g4 f6 44. Nc1 Be5+ 45. Kd3 a4 46. Na2 g5 47. f3 Kc5 48. Nc1 Kb4 49. Kc2 Kc4 50. Ne2 a3 51. Nc1 Bd6 52. Na2 Bc5 53. e4 d4 0-1